01014nam a2200229 a 450000100060000000300080000600500170001400800410003103500190007204000350009104100080012608200240013410000370015824502230019526000880041830000380050650200940054450400320063865000280067070000460069870000400074486334BD-RjUL20260408110953.0260408s2023 bg a|||| m||| 00| 0 eng d a(BD-RjUL)86334 aBD-RjULbengcBD-RjULdBD-RjUL aeng 223a553.7bZOI 2023 aIslam, Md. Zohurul, Submitted by10aImpacts of Dyeing Effluents on Water at Cottage Industrial Areas of Sirajganj District in Bangladesh /cSubmitted by, Md. Zohurul Islam ;6Principal Supervisor : Md. Golam Mostafa, Co-Supervisor : Md. Rashidul Hasanb  aRajshahi :bInstitute of Environmental Science (IES), University of Rajshahi,c2023 axxi, 216 Leaves :bill, ;c30 cm. aThesis (Ph. D.) -- Institute of Environmental Science (IES), University of Rajshahi, 2023 aReferences : Leaves 175-182 aDyeing EffluentsvWater aMostafa, Md. Golam, Principal Supervisor  aHasan, Md. Rashidul, Co-Supervisor